| 000 | 00413cam a2200169ua 4500 | ||
|---|---|---|---|
| 020 | _c2.80 | ||
| 041 |
_aeng _h |
||
| 082 |
_a822 _bSHA/TR |
||
| 100 | _aShakespeare, William. | ||
| 245 |
_aTragedy of Julius caeser / _cWilliam Shakespeare. _hTextual Documents |
||
| 260 |
_aChennai : _bS.Viswanathan , _c1963. |
||
| 300 | _a309 ; . | ||
| 365 | _a2.80 | ||
| 504 | _a | ||
| 942 | _cBK | ||
| 999 |
_c5821 _d5821 |
||